[Event "45th FIDE Chess Olympiad Open"]
[Site "Budapest, Hungary"]
[Date "2024.09.12"]
[Round "2"]
[White "Pereira, Sergio"]
[Black "Delgado Rosas, Alex Antonio"]
[Result "0-1"]
[WhiteElo "1988"]
[BlackElo "2157"]
[PlyCount "108"]
[EventDate "2024.??.??"]
[WhiteTeam "Sao Tome and Principe"]
[BlackTeam "Panama"]
[WhiteTeamCountry "SAO"]
[BlackTeamCountry "PAN"]
[WhiteClock "0:02:24"]
[BlackClock "0:02:16"]

1. e4 c5 2. Nc3 e6 3. Nge2 Nc6 4. d4 cxd4 5. Nxd4 Nf6 6. a3 Qc7 7. Be2 a6 8. Be3 Be7 9. O-O O-O 10. f4 d6 11. Kh1 Bd7 12. Nb3 Rac8 ({RR} 12... b5 13. Bf3 Rab8 14. Qe2 Rfc8 15. g4 b4 16. axb4 Nxb4 17. g5 Ne8 18. Rg1 d5 19. exd5 Nxd5 20. Nxd5 exd5 21. Rg2 a5 22. Nd4 Bc5 23. c3 Nd6 24. Bxd5 Re8 25. Qf3 Nc4 26. Bg1 Nb6 27. Ba2 {0-1 Nagarkatte Vedant (2345)-Mohammad,N (2432) Qatar Masters Open 2023 (8.62)}) 13. a4 $146 ({RR} 13. Qe1 b5 14. Qf2 Rb8 15. g4 b4 16. axb4 Nxb4 17. Bf3 d5 18. e5 Ne4 19. Bxe4 dxe4 20. Rfd1 Bc6 21. Kg1 Ba8 22. Rd4 Nd5 23. Nxd5 Bxd5 24. Rxa6 f6 25. exf6 Bxf6 26. Rd1 Bxb2 27. Ra7 Rb7 {0-1 Pappelis,D (1994)-Pavlidis,A (2278) GRE-ch U18 Greece 2009 (8)}) ({RR} 13. Bd3 Rfd8 14. Qf3 e5 15. Nd5 Nxd5 16. exd5 f5 17. dxc6 Bxc6 18. Qf2 {1-0 Jimenez Zerquera,E-Gadia,O Pan American-ch 1966}) ({RR} 13. Bf3 b5 14. Qd2 Rfd8 15. Qf2 Rb8 16. Rad1 Be8 17. Rd2 Nd7 18. Rfd1 Nb6 19. Re2 Na4 20. Rde1 Nxb2 21. Bc1 Nc4 22. Nd5 Qd7 23. Qg3 Rdc8 24. Bg4 Qd8 25. Nxe7+ Qxe7 26. f5 Kh8 27. Rf1 exf5 {0-1 Klapsic,M (2220)-Rogic,D (2475) CRO-Cup Pula 1999 (5)}) 13... Nb4 14. Nd4 d5 15. e5 Ne4 16. Nxe4 dxe4 17. c3 Nd5 18. Qd2 Bc5 19. Bg1 g5 20. Be3 Kh8 21. a5 Be8 22. Bg4 Rg8 23. h3 Rd8 24. Rae1 Bf8 25. f5 Qxe5 26. Nc6 Nxe3 27. Nxe5 Rxd2 28. Rxe3 exf5 29. Nc4 Bc5 30. Nxd2 Bxe3 31. Nc4 Bf4 32. Bxf5 Bb5 33. b3 Bxc4 34. bxc4 Re8 35. Re1 e3 36. Re2 h5 37. Kg1 Re5 38. Bc8 h4 39. Bxb7 Rxa5 40. g4 hxg3 41. Kg2 Kg7 42. Kf3 Ra1 43. h4 a5 44. hxg5 Rf1+ 45. Kg2 Rf2+ 46. Rxf2 gxf2 47. c5 a4 48. Bd5 Bxg5 49. Bc4 a3 50. c6 Bd8 51. Ba2 f5 52. c4 f4 53. c5 f3+ 54. Kf1 Bh4 0-1

[Event "45th FIDE Chess Olympiad Open"]
[Site "Budapest, Hungary"]
[Date "2024.09.12"]
[Round "2"]
[White "Mendez Machado, Andre"]
[Black "Nascimento Admilton de Ceita "]
[Result "0-1"]
[WhiteElo "2122"]
[BlackElo "1908"]
[PlyCount "56"]
[EventDate "2024.??.??"]
[WhiteTeam "Panama"]
[BlackTeam "Sao Tome and Principe"]
[WhiteTeamCountry "PAN"]
[BlackTeamCountry "SAO"]
[WhiteClock "0:03:58"]
[BlackClock "0:33:31"]

1. e4 d6 2. d4 g6 3. Nc3 Bg7 4. Be3 Nf6 5. f3 Nc6 6. Qd2 Bd7 ({RR} 6... h6 7. Nge2 e5 8. O-O-O exd4 9. Nxd4 Nxd4 10. Bxd4 O-O 11. Be3 Kh7 12. g4 Ng8 13. g5 h5 14. Bg2 Be6 15. f4 b5 16. f5 gxf5 17. Qe2 Kg6 18. Nd5 Be5 19. Rhf1 Ne7 20. Nxe7+ Qxe7 21. exf5+ {1-0 Delchev,A (2598)-Bissieres,M (2219) FRA-chT2 South 0607 2006 (6.1)}) 7. O-O-O O-O ({RR} 7... e5 8. d5 Ne7 9. Bh6 O-O 10. g4 Ne8 11. h4 f6 12. Bh3 Rf7 13. Bxg7 Nxg7 14. f4 exf4 15. Qxf4 Qf8 16. Nge2 Re8 17. Nd4 Kh8 18. Rdf1 Ng8 19. Qf3 Re5 20. g5 f5 21. exf5 Nxf5 22. h5 {1-0 Carvalho,C (1917)-Carvalho,M (1707) Bairro Buritizal Amapaense-ch 2021 (3)}) 8. h4 $146 ({RR} 8. Nge2 a6 9. g4 b5 10. h4 e5 11. h5 Bxg4 12. fxg4 Nxg4 13. d5 Nd4 14. Bh3 Nxe3 15. Qxe3 gxh5 16. Bf5 Qf6 17. Rxh5 Rfd8 18. Bxh7+ Kf8 19. Ng3 Qf4 20. Nf5 Qxe3+ 21. Nxe3 Rac8 22. Bf5 Rb8 {1-0 Panella,F-Borsato,C ITA-ch U16 Girls 2003 (2)}) ({RR} 8. Bh6 a5 9. Bxg7 Kxg7 10. h4 Na7 11. g4 e5 12. dxe5 Ne8 13. h5 g5 14. h6+ Kg8 15. Rh5 f6 16. exf6 Qxf6 17. Rxg5+ Kh8 18. Bc4 Be6 19. Bxe6 Qxe6 20. f4 Qxh6 21. f5 Qf6 22. Nd5 Qf7 {1-0 Campers,W (1709)-Cole,T (1359) San Francisco TNM Winter op 2009 (3)}) 8... h5 9. e5 Nh7 10. f4 dxe5 11. fxe5 Bf5 12. a3 Qc8 13. Nf3 Rd8 14. Qf2 a6 15. Bf4 b5 16. d5 b4 17. Nb1 bxa3 18. Nxa3 Nb4 19. Bc4 Qb7 20. Qc5 Rab8 21. b3 e6 22. dxe6 fxe6 23. Rxd8+ Rxd8 24. Nd4 Qxg2 25. Rf1 Bf8 26. Qa7 Nd3+ 27. Bxd3 Bxa3+ 28. Kb1 Bxd3 0-1

[Event "45th FIDE Chess Olympiad Open"]
[Site "Budapest, Hungary"]
[Date "2024.09.12"]
[Round "2"]
[White "Lima, Osvaldo Dos Santos"]
[Black "Baules Rodriguez, Jorge Luis"]
[Result "0-1"]
[WhiteElo "1903"]
[BlackElo "2271"]
[PlyCount "72"]
[EventDate "2024.??.??"]
[WhiteTeam "Sao Tome and Principe"]
[BlackTeam "Panama"]
[WhiteTeamCountry "SAO"]
[BlackTeamCountry "PAN"]
[WhiteClock "0:00:54"]
[BlackClock "0:11:06"]

1. c4 g6 2. Nc3 Nf6 3. e4 e5 4. Nf3 Bg7 5. d3 ({RR} 5. Nxe5 O-O 6. Nf3 Re8 7. d3 d5 8. cxd5 Nxd5 9. Nxd5 Qxd5 10. Be2 Qd6 11. O-O c5 12. Qc2 Nc6 13. Be3 b6 14. a3 Bg4 15. Ng5 Be6 16. Nxe6 Qxe6 17. Kh1 Rad8 18. f4 Bd4 19. f5 Qe7 {1-0 Aronian,L (2784)-Grischuk,A (2752) chess.com gf blitz 5m+2spm 2016 (6)}) 5... O-O 6. h3 ({RR} 6. Be3 Nc6 7. h3 d6 8. Be2 h6 9. Qd2 Kh7 10. O-O Re8 11. Nd5 Be6 12. Nxf6+ Qxf6 13. d4 exd4 14. Bf4 Ne5 15. Nxd4 Nxc4 16. Bxc4 Bxc4 17. Rfd1 Rxe4 18. Be3 Rae8 19. Rac1 d5 20. b3 c5 {0-1 Souza,G (1939)-Wael Sabry,M (2027) Titled Tue 19th Mar Early 2024 (5)}) 6... c6 7. Bg5 $146 ({RR} 7. Be2 d5 8. exd5 cxd5 9. Bg5 d4 10. Ne4 Qa5+ 11. Qd2 Qxd2+ 12. Nfxd2 Nxe4 13. Nxe4 f6 14. Bd2 Rd8 15. g4 a5 16. h4 Bd7 17. f4 Bc6 18. fxe5 f5 19. gxf5 gxf5 20. Rg1 fxe4 21. Bh6 Rd7 {1-0 Ivanchuk,V (2690)-Kochavi,O (2259) Sitges Sunway op 6th 2019 (2)}) 7... h6 8. Bh4 Qb6 9. Qc2 Nh5 10. Be7 Re8 11. c5 Qa5 12. Bd6 Na6 13. Qa4 Qd8 14. O-O-O b6 15. b4 Bb7 16. g3 Nc7 17. Be2 a5 18. cxb6 Nb5 19. Nxb5 cxb5 20. Qxb5 Bc6 21. Qc5 axb4 22. Rd2 b3 23. a3 Qf6 24. Kb2 Re6 25. Bxe5 Rxe5 26. Nxe5 Qg5 27. f4 Nxf4 28. gxf4 Qxf4 29. Qc3 Bxe5 30. d4 Bd6 31. Rf1 Bxa3+ 32. Kxb3 Qxe4 33. Qc4 Bd5 34. Kc3 Bxc4 35. Bxc4 Rc8 36. Rd3 d5 0-1

[Event "45th FIDE Chess Olympiad Open"]
[Site "Budapest, Hungary"]
[Date "2024.09.12"]
[Round "2"]
[White "Schnell, Sebastian Narayana"]
[Black "Semedo, Adelino"]
[Result "1/2-1/2"]
[WhiteElo "2059"]
[BlackElo "1827"]
[PlyCount "94"]
[EventDate "2024.??.??"]
[WhiteTeam "Panama"]
[BlackTeam "Sao Tome and Principe"]
[WhiteTeamCountry "PAN"]
[BlackTeamCountry "SAO"]
[WhiteClock "0:17:22"]
[BlackClock "0:25:55"]

1. d4 d5 2. c4 c6 3. Nf3 e6 4. Bg5 f6 5. Bh4 ({RR} 5. Bf4 g5 6. Bxb8 Rxb8 7. e3 Bd6 8. Nc3 Ne7 9. Bd3 Ng6 10. g4 e5 11. Bf5 e4 12. Nd2 Bb4 13. cxd5 Bxc3 14. bxc3 cxd5 15. c4 Bxf5 16. gxf5 Nh4 17. cxd5 Qa5 18. Kf1 Qxd5 19. Qb1 Kd7 {½-½ Yu,Y (2760)-Xu,X (2574) CHN-chT China 2018 (10.4)}) 5... Nh6 6. e3 Nf5 7. cxd5 $146 ({RR} 7. Bg3 Bb4+ 8. Nc3 Qa5 9. Qc2 Nd6 10. Nd2 O-O 11. Rc1 f5 12. a3 Bxc3 13. Bxd6 Bxd2+ 14. Qxd2 Qxd2+ 15. Kxd2 Rd8 16. Bf4 Bd7 17. Bd3 g6 18. h4 Be8 19. b4 Nd7 20. Ke2 a6 21. c5 Bf7 {½-½ Fieandt,J (2220)-Vaatainen,T (2260) FIN-chT 9697 1996 (3.8)}) ({RR} 7. Bg3 Bb4+ 8. Nc3 Qa5 9. Qb3 Nd7 10. a3 Bxc3+ 11. Qxc3 Qxc3+ 12. bxc3 Nb6 13. c5 Na4 14. Kd2 b5 15. Bc7 a5 16. g4 Kd7 17. Bf4 Ne7 18. Bd3 Ng6 19. Bg3 e5 20. Bxg6 hxg6 21. Nh4 Ke8 {0-1 Luo,T (2365)-Sokolovsky,Y (2461) Titled Tue 18th Jul Late 2023 (2)}) ({RR} 7. Bg3 Nd6 8. Nbd2 f5 9. Ne5 g6 10. Bd3 Bg7 11. h4 Ne4 12. Bf4 Nd7 13. Ndf3 Qe7 14. Kf1 Ndf6 15. Ng5 Nd7 16. Nef7 Nxg5 17. Nd6+ Kf8 18. hxg5 e5 19. dxe5 Bxe5 20. Nxc8 Rxc8 21. cxd5 cxd5 {1-0 Pinheiro,J (2260)-Silva,A (2210) Lisbon 1995 (5)}) 7... cxd5 8. Bd3 Nxh4 9. Nxh4 Bb4+ 10. Nc3 O-O 11. Qh5 f5 12. f4 Qa5 13. Kd2 Nd7 14. h3 Nf6 15. Qe2 Bd7 16. g4 Rac8 17. Rhc1 Ne4+ 18. Bxe4 dxe4 19. a3 Bxc3+ 20. bxc3 Bb5 21. Qd1 Ba4 22. Qe2 Rc6 23. Rab1 Rfc8 24. Rb4 b5 25. gxf5 Qd8 26. f6 Qxf6 27. Qh5 Qe7 28. Qg5 Qf8 29. f5 a5 30. Rbb1 Rxc3 31. Rxc3 Rxc3 32. Kxc3 Qxa3+ 33. Kd2 Qd3+ 34. Ke1 Qxb1+ 35. Kf2 Qc2+ 36. Ke1 Qc1+ 37. Kf2 Qc2+ 38. Ke1 Qc1+ 39. Kf2 Qc7 40. fxe6 Qc2+ 41. Kg3 Qc7+ 42. Kg2 b4 43. e7 Qc2+ 44. Kg3 Qc7+ 45. Kg2 Qc2+ 46. Kg3 Qc7+ 47. Kg2 Qc2+ 1/2-1/2

[Event "45th FIDE Chess Olympiad Open"]
[Site "Budapest, Hungary"]
[Date "2024.09.12"]
[Round "2"]
[White "Elbilia, Jacques"]
[Black "Ayyad, Husain"]
[Result "1/2-1/2"]
[WhiteElo "2343"]
[BlackElo "2129"]
[PlyCount "151"]
[EventDate "2024.??.??"]
[WhiteTeam "Morocco"]
[BlackTeam "Bahrain"]
[WhiteTeamCountry "MAR"]
[BlackTeamCountry "BHN"]
[WhiteClock "0:00:20"]
[BlackClock "0:04:07"]

1. d4 Nf6 2. c4 e6 3. Nc3 d5 4. cxd5 exd5 5. Bg5 Be7 6. e3 O-O 7. Bd3 Re8 8. Nge2 Nbd7 9. O-O c6 10. Qc2 Nf8 11. Rae1 Ne4 12. Bxe7 Qxe7 13. Bxe4 dxe4 14. Ng3 b6 ({RR} 14... f5 15. Rd1 Be6 16. Na4 Rad8 17. b3 g6 18. Ne2 Bf7 19. Qc5 Qxc5 20. Nxc5 Re7 21. Rc1 Ne6 22. Nxe6 Bxe6 23. h4 Bf7 24. Nf4 Kg7 25. Rc5 Rd6 26. Rb1 Bd5 27. a4 h6 28. Kf1 g5 29. hxg5 {1-0 Petrosyan,M (2607)-Rahman,Z (2415) Titled Tuesday intern op 16th June blitz 2020 (2)}) ({RR} 14... f5 15. f3 exf3 16. Rxf3 g6 17. e4 Qd6 18. Qd2 Rd8 19. exf5 Qxd4+ 20. Qxd4 Rxd4 21. fxg6 Bg4 22. Rf7 Nxg6 23. Rxb7 Rd2 24. Nce4 Rd1 25. Nf6+ Kf8 26. Nxh7+ Kg8 27. Nf6+ Kf8 28. Rxd1 Bxd1 29. Nf5 {1-0 Nadanian,A (2248)-Romero Arzuaga,Y (2231) Titled Tue 2nd Apr Early 2024 (8)}) 15. Qa4 b5 16. Qc2 $146 ({RR} 16. Qa5 Be6 17. b3 f5 18. d5 cxd5 19. Nxb5 Nd7 20. Nc7 Ne5 21. Nxa8 Rxa8 22. Rc1 Rf8 23. Qc7 Bd7 24. Qb7 Qe6 25. Nh5 Nc6 26. Nf4 Qd6 27. Nxd5 Ne5 28. Nf4 Bc6 29. Qxa7 g5 30. Rfd1 Qf6 {1-0 Vrbata,Z (2325)-Pcola,P (2290) CSR-chT Czechoslovakia 1992}) ({RR} 16. Qa5 f5 17. f3 exf3 18. Rxf3 g6 19. e4 Rd8 20. Nce2 fxe4 21. Nxe4 Bf5 22. N2g3 Rxd4 23. Qc3 Rad8 24. Rxf5 gxf5 25. Nxf5 Qb4 26. Nxd4 Qxd4+ 27. Qxd4 Rxd4 28. Kf2 Nd7 29. Ke3 Rd5 30. Rf1 Kg7 {1-0 Le,Q (2297)-Nguyen,A VIE-ch U20 Vung Tau 2004 (4)}) 16... b4 17. Nce2 Bb7 18. Rc1 Nd7 19. a3 a5 20. axb4 axb4 21. Qb3 g6 22. Nf4 Ba6 23. Rfd1 Bb5 24. Ra1 Nb6 25. Rxa8 Rxa8 26. Qc2 Re8 27. d5 cxd5 28. Nxd5 Nxd5 29. Rxd5 Bd3 30. Qc6 Rb8 31. h3 b3 32. Rd4 Qe8 33. Qf6 Rc8 34. Rd6 Qf8 35. f3 Qg7 36. Rd8+ Rxd8 37. Qxd8+ Qf8 38. Qd4 Qc8 39. fxe4 Qc1+ 40. Kf2 Qc2+ 41. Kf3 Qd1+ 42. Kf4 Qc2 43. Kf3 Bc4 44. e5 Bb5 45. Qd8+ Kg7 46. Qf6+ Kg8 47. e6 Bc6+ 48. Kg4 Qc4+ 49. e4 fxe6 50. Qe5 h6 51. h4 Kf7 52. h5 gxh5+ 53. Qxh5+ Ke7 54. Qe5 Kd8 55. Qh8+ Kc7 56. Qxh6 Qc2 57. Qg7+ Kc8 58. Qf8+ Kb7 59. Qe7+ Kb6 60. Qb4+ Kc7 61. Qa5+ Kb7 62. Qb4+ Kc7 63. Qa5+ Kb7 64. Qb4+ Kc7 65. Qe7+ Kb6 66. Qd8+ Kb7 67. Qd4 Qxg2 68. Qb4+ Kc7 69. Qxb3 Bxe4 70. Qxe6 Bb7 71. Qe5+ Kb6 72. Qd4+ Kc7 73. Qc3+ Kb6 74. Kf4 Qf2+ 75. Ke5 Qc5+ 76. Qxc5+ 1/2-1/2

[Event "45th FIDE Chess Olympiad Open"]
[Site "Budapest, Hungary"]
[Date "2024.09.12"]
[Round "2"]
[White "Ayyad, Maher"]
[Black "Ouakhir, Mehdi Pierre"]
[Result "0-1"]
[WhiteElo "1980"]
[BlackElo "2191"]
[PlyCount "72"]
[EventDate "2024.??.??"]
[WhiteTeam "Bahrain"]
[BlackTeam "Morocco"]
[WhiteTeamCountry "BHN"]
[BlackTeamCountry "MAR"]
[WhiteClock "0:00:43"]
[BlackClock "0:14:30"]

1. d4 d5 2. Nf3 Nf6 3. Bf4 Bf5 4. e3 e6 5. Ne5 h6 ({RR} 5... Be7 6. g4 Bg6 7. h4 h6 8. Nxg6 fxg6 9. Bd3 Kf7 10. c3 Nbd7 11. Nd2 Nf8 12. Rg1 N6d7 13. Nf3 Rc8 14. Qe2 Bd6 15. O-O-O Qe7 16. Bg3 c5 17. Bxd6 Qxd6 18. e4 c4 19. Bc2 b5 20. exd5 {½-½ Ayyad,M (2074)-Bouaziz,M (2075) Arab-ch Dubai 2005 (6)}) 6. Bd3 ({RR} 6. g4 Bh7 7. h4 Nfd7 8. Bd3 Bxd3 9. Qxd3 Nxe5 10. dxe5 c5 11. c4 Nc6 12. a3 Qa5+ 13. Nd2 dxc4 14. Qxc4 Rd8 15. O-O-O Be7 16. Nb3 Rxd1+ 17. Rxd1 Qb6 18. h5 O-O 19. Kc2 Rd8 20. Rxd8+ Nxd8 {0-1 Tristan,L (2531)-Spata,G (2399) Titled Tue 30th Jul Late 2024 (4)}) 6... Bxd3 7. Qxd3 ({RR} 7. cxd3 Nbd7 8. Qb3 Nxe5 9. Bxe5 Rb8 10. Nd2 Bd6 11. Rc1 O-O 12. O-O Bxe5 13. dxe5 Nd7 14. d4 c5 15. Qa3 a6 16. Nf3 c4 17. b3 b5 18. Qxa6 Qc7 19. bxc4 bxc4 20. Rb1 Ra8 21. Qb7 Rfc8 {1-0 Salinas Herrera,P (2485)-Injac,T (2424) Titled Tue 18th Jun Early 2024 (9)}) 7... c6 8. O-O $146 ({RR} 8. Nd2 Nbd7 9. h3 Be7 10. Bh2 Nxe5 11. dxe5 Nd7 12. O-O O-O 13. Nf3 Qb6 14. b3 Rfd8 15. c3 a5 16. Kh1 Qa6 17. Qc2 a4 18. Qb2 Nc5 19. b4 Ne4 20. Rac1 c5 21. b5 a3 22. Qe2 Qa5 {0-1 Harms,A (2144)-Kleinegger,F (2232) Ruhrgebiet Regionalliga 0708 2007 (3.6)}) ({RR} 8. Nd2 Nbd7 9. h3 Be7 10. O-O O-O 11. c4 Nxe5 12. Bxe5 dxc4 13. Qxc4 Nd7 14. Bg3 Rc8 15. Qa4 a6 16. Qb3 b5 17. Ne4 c5 18. dxc5 Nxc5 19. Nxc5 Rxc5 20. Rad1 Qc8 21. Bd6 Bxd6 22. Rxd6 Rd8 {½-½ Markosian,D (2444)-Akhmadeev,V (2419) Muhamedzjanov Memorial 6th 2009 (5)}) ({RR} 8. Qb3 Qb6 9. h3 Nbd7 10. Nd2 c5 11. Qxb6 Nxb6 12. c3 Nfd7 13. Ndf3 Nxe5 14. Nxe5 g5 15. Bh2 cxd4 16. exd4 Nc4 17. Nxc4 dxc4 18. Be5 Rh7 19. b3 Rc8 20. Kd2 f5 21. Rhe1 Rd7 22. b4 Kf7 {½-½ Petrushina,A (2001)-Bogacheva,A RUS-ch U14 Girls 2004 (4)}) 8... Nbd7 9. Nxd7 Qxd7 10. Nd2 Bd6 11. Bxd6 Qxd6 12. e4 dxe4 13. Nxe4 Nxe4 14. Qxe4 O-O 15. c3 Rfd8 16. Rfe1 Rd7 17. Re3 c5 18. dxc5 Qxc5 19. Rd3 Rad8 20. Rad1 Rxd3 21. Rxd3 Rxd3 22. Qxd3 g5 23. h4 Kg7 24. hxg5 hxg5 25. b4 Qe5 26. g3 b5 27. Kf1 g4 28. Qe2 Qg5 29. Qe3 Qxe3 30. fxe3 Kf6 31. Ke2 Ke5 32. Kd3 f5 33. c4 bxc4+ 34. Kc3 Kd5 35. a4 e5 36. a5 a6 0-1

[Event "45th FIDE Chess Olympiad Open"]
[Site "Budapest, Hungary"]
[Date "2024.09.12"]
[Round "2"]
[White "Moayad, Anas"]
[Black "Monther, Alfardan"]
[Result "1-0"]
[WhiteElo "2016"]
[BlackElo "1834"]
[PlyCount "59"]
[EventDate "2024.??.??"]
[WhiteTeam "Morocco"]
[BlackTeam "Bahrain"]
[WhiteTeamCountry "MAR"]
[BlackTeamCountry "BHN"]
[WhiteClock "0:37:15"]
[BlackClock "0:28:50"]

1. e4 e5 2. Nf3 Nc6 3. Bb5 a6 4. Ba4 Nf6 5. O-O d6 6. Re1 b5 7. Bb3 Na5 8. d4 Nxb3 9. axb3 exd4 10. e5 dxe5 11. Nxe5 Be6 12. Nc6 Qd6 13. Nxd4 $146 ({RR} 13. Qf3 Qd5 14. Qxd5 Nxd5 15. Nxd4 Kd7 16. Nxe6 fxe6 17. c4 bxc4 18. bxc4 Nb6 19. b3 Bc5 20. Be3 Bb4 21. Bd2 Bc5 22. Nc3 Rhf8 23. Be3 Bb4 24. Red1+ Kc6 25. Ne4 h6 26. f3 a5 27. Nf2 Nd7 {½-½ Rochau,N (1917)-Diener,C (1722) Wiesbaden op 27th 2015 (3)}) 13... Rd8 14. Nxe6 fxe6 15. Qe2 Be7 16. Bg5 O-O 17. Nc3 Nd5 18. Bxe7 Qxe7 19. Nxd5 Rxd5 20. Rxa6 Rf6 21. g3 Kf7 22. Rd1 Rdf5 23. Rd2 g6 24. Qe4 Qc5 25. Rc6 Qe7 26. b4 g5 27. g4 Rf4 28. Qxh7+ Kf8 29. Rxc7 Rxg4+ 30. Kf1 1-0

[Event "45th FIDE Chess Olympiad Open"]
[Site "Budapest, Hungary"]
[Date "2024.09.12"]
[Round "2"]
[White "Shaker, Musab"]
[Black "NAIT ELASRI BRAHIM"]
[Result "1-0"]
[WhiteElo "1757"]
[BlackElo "1994"]
[PlyCount "75"]
[EventDate "2024.??.??"]
[WhiteTeam "Bahrain"]
[BlackTeam "Morocco"]
[WhiteTeamCountry "BHN"]
[BlackTeamCountry "MAR"]
[WhiteClock "0:04:46"]
[BlackClock "0:02:56"]

1. d4 Nf6 2. Nf3 g6 3. Bf4 Bg7 4. e3 d6 5. Be2 O-O 6. c4 Nc6 ({RR} 6... Ne4 7. Nbd2 Nxd2 8. Qxd2 Nd7 9. Rd1 b6 10. O-O Bb7 11. d5 Nc5 12. Nd4 a5 13. Bf3 Qc8 14. h4 e5 15. dxe6 fxe6 16. Bg4 Qe8 17. Nb5 Qf7 18. Bh2 h5 19. Bh3 Ne4 20. Qc2 Kh8 21. f3 {0-1 Salvatti,D (1931)-Abramor,F (2077) 98th ch-ARG Semi-Final 2023 (8.33)}) 7. Nc3 h6 ({RR} 7... Nd7 8. O-O e5 9. Bg3 f5 10. Bh4 Bf6 11. Bxf6 Qxf6 12. Nd5 Qd8 13. dxe5 dxe5 14. b4 a5 15. a3 Ne7 16. c5 e4 17. Nxe7+ Qxe7 18. Bc4+ Kg7 19. Qd4+ Qf6 20. Qxf6+ Kxf6 21. Nd4 Ne5 22. Be2 {1-0 Galkin,A (2611)-Afanasiev,N (2517) Wch Blitz Moscow 2019 (17)}) 8. h3 a6 $146 ({RR} 8... Nd7 9. d5 Nce5 10. Nd2 Nc5 11. Nb3 Nxb3 12. axb3 c5 13. O-O a6 14. Bg3 Rb8 15. f4 Nd7 16. Qc2 f5 17. e4 b5 18. exf5 gxf5 19. Bd3 bxc4 20. bxc4 Qb6 21. Na4 Qb3 22. Qe2 Bxb2 23. Nxb2 {1-0 Vazquez Igarza,R (2597)-Gascon del Nogal,J (2370) Caracas 2014 (2)}) 9. O-O Qe8 10. Re1 e5 11. Bh2 e4 12. Nd2 h5 13. Nd5 Nxd5 14. cxd5 Nb4 15. Qb3 a5 16. Rac1 Qe7 17. a3 Nd3 18. Bxd3 exd3 19. Qxd3 f5 20. Rc3 b6 21. Rec1 Ra7 22. Qc2 Rf7 23. a4 g5 24. Nc4 Bb7 25. Na3 Bxd5 26. Nb5 Be4 27. Qb3 c6 28. Nxa7 Qxa7 29. Bxd6 g4 30. hxg4 fxg4 31. Rxc6 Bxc6 32. Rxc6 Kh7 33. Qd3+ Kg8 34. Rc8+ Rf8 35. Bxf8 Bxf8 36. Qg6+ Qg7 37. Qxg7+ Kxg7 38. Rc6 1-0

[Event "45th FIDE Chess Olympiad Open"]
[Site "Budapest, Hungary"]
[Date "2024.09.12"]
[Round "2"]
[White "Mompel Ferruz, Xavier"]
[Black "Araujo Sanchez, Josue"]
[Result "1/2-1/2"]
[WhiteElo "2273"]
[BlackElo "2296"]
[PlyCount "71"]
[EventDate "2024.??.??"]
[WhiteTeam "Equatorial Guinea"]
[BlackTeam "Dominican Republic"]
[BlackTeamCountry "DOM"]
[WhiteClock "0:28:24"]
[BlackClock "0:57:11"]

1. e4 c6 2. d4 d5 3. Nc3 dxe4 4. Nxe4 Nf6 5. Nxf6+ exf6 6. c3 Bd6 7. Bd3 O-O 8. Qc2 Re8+ 9. Ne2 h5 10. O-O h4 11. h3 Nd7 12. Bd2 Nf8 13. Rae1 Bc7 14. f4 Qd6 15. c4 Bd7 ({RR} 15... Ne6 16. Bc3 b5 17. b3 Ba6 18. Kh1 b4 19. Bb2 Nxf4 20. c5 Bxd3 21. cxd6 Bxc2 22. Nxf4 Bxd6 23. Rc1 Be4 24. Rf2 Kh7 25. Kg1 f5 26. Re1 g5 27. Ne2 Bd3 {0-1 Dushyant,S (2357)-Neelash,S (2446) 1st Bangalore Int Open 2024 (3.7)}) ({RR} 15... b6 16. b4 a5 17. a3 axb4 18. axb4 Ra3 19. d5 Ba6 20. Bc1 Rxd3 21. Qxd3 Qxb4 22. Ba3 Qa5 23. d6 Rd8 24. Ra1 Ne6 25. Kh1 Bc8 26. Qe3 Bb8 27. f5 Nc5 28. Qe7 Rf8 29. Nd4 Qd2 30. Bxc5 {1-0 Mompel Ferruz,X (2273)-Heredia Serrano,C (2087) Cerrado IM Barcelona Sept 2024 (4.4)}) 16. c5 Qd5 17. Bc4 $146 ({RR} 17. f5 b5 18. b3 Rad8 19. Bc3 Bc8 20. Nf4 Qd7 21. Qf2 Rxe1 22. Rxe1 Re8 23. Rxe8 Qxe8 24. Bd2 Qd8 25. Ne2 Nd7 26. Qf3 Bb7 27. Be1 Be5 28. Qe3 Bb8 29. Bxh4 Kf8 30. Be1 Qc7 31. Kf1 Ba6 {1-0 Liu,E (2319)-Atwell,R (2031) Silicon Valley Fall 2023 (3.20)}) 17... Bf5 18. Qb3 Qd7 19. d5 b5 20. Bd3 Bxd3 21. Qxd3 Qxd5 22. Qxd5 cxd5 23. b4 a6 24. Nd4 Ne6 25. Nf5 g6 26. Nxh4 Nd4 27. Kf2 Nc6 28. Rxe8+ Rxe8 29. Re1 Rxe1 30. Kxe1 Kf8 31. Nf3 f5 32. Ke2 Ke7 33. Kd3 Ke6 34. Ng5+ Ke7 35. Nf3 Ke6 36. Ng5+ 1/2-1/2

[Event "45th FIDE Chess Olympiad Open"]
[Site "Budapest, Hungary"]
[Date "2024.09.12"]
[Round "2"]
[White "Camacho Campusano, David Daniel"]
[Black "Oscar Naranjo Gonzalez"]
[Result "1-0"]
[WhiteElo "2219"]
[BlackElo "1861"]
[PlyCount "115"]
[EventDate "2024.??.??"]
[WhiteTeam "Dominican Republic"]
[BlackTeam "Equatorial Guinea"]
[WhiteTeamCountry "DOM"]
[WhiteClock "0:10:48"]
[BlackClock "0:08:10"]

1. e4 e6 2. d4 d5 3. Bd3 dxe4 4. Bxe4 Nf6 5. Bf3 c5 6. Ne2 Be7 7. O-O O-O 8. Be3 Qb6 9. Nbc3 Nbd7 10. dxc5 Bxc5 11. Na4 Qa5 $146 ({RR} 11... Qc7 12. Nxc5 Nxc5 13. c3 e5 14. Ng3 Be6 15. Qc2 Nd5 16. Bxc5 Qxc5 17. Rad1 Rad8 18. a3 Rd7 19. Ne4 Qe7 20. b4 b6 21. Qb2 f5 22. Nd2 e4 23. Be2 Qg5 24. Bb5 Rc7 25. Bc4 Nf4 26. Bxe6+ {0-1 Xu,L (1285)-Zhong,R (1674) Canadian Open 2023 (7.38)}) 12. Nxc5 Nxc5 13. Qd4 Ncd7 14. b4 Qc7 15. Qc3 Qxc3 16. Nxc3 Ne5 17. Be2 Nd5 18. Nxd5 exd5 19. Rad1 Nc4 20. Bc5 Re8 21. Rxd5 b5 22. Bd3 Be6 23. Rd4 a6 24. a4 Red8 25. a5 Rxd4 26. Bxd4 Rd8 27. Bc5 g6 28. Be7 Rc8 29. Bf6 Nd6 30. Rd1 Ne8 31. Be7 f5 32. Bc5 Kf7 33. Be2 Nf6 34. Rd6 Ra8 35. Bf3 Ne4 36. Rc6 Bd7 37. Rb6 h5 38. h4 Bc8 39. Bd4 Be6 40. c3 Ke7 41. Be2 Kf7 42. f3 Nd2 43. Kf2 Ke7 44. Kg3 Nb3 45. Be3 Bd5 46. Kf4 Be6 47. Ke5 Bf7 48. Rb7+ Kf8 49. Kf6 Bd5 50. Bh6+ Kg8 51. Rd7 Bc6 52. Rg7+ Kh8 53. Rxg6 Ra7 54. Bd3 Bd5 55. Bxf5 Nd4 56. cxd4 Bf7 57. Bg7+ Kg8 58. Rh6 1-0

[Event "45th FIDE Chess Olympiad Open"]
[Site "Budapest, Hungary"]
[Date "2024.09.12"]
[Round "2"]
[White "Angel Estanislao Gatjens Capc"]
[Black "Jimenez Jimenez, Leandro"]
[Result "0-1"]
[WhiteElo "1849"]
[BlackElo "2188"]
[PlyCount "116"]
[EventDate "2024.??.??"]
[WhiteTeam "Equatorial Guinea"]
[BlackTeam "Dominican Republic"]
[BlackTeamCountry "DOM"]
[WhiteClock "0:04:18"]
[BlackClock "0:03:33"]

1. d4 d5 2. Bf4 c5 3. e3 Nc6 4. Nc3 a6 5. Nf3 Bg4 6. Be2 e6 7. O-O Nf6 8. Ne5 Bxe2 9. Nxe2 Be7 $146 ({RR} 9... Bd6 10. Nxc6 bxc6 11. c3 O-O 12. Qc2 Qe7 13. Qa4 Rfc8 14. Rfe1 Nd7 15. Rab1 a5 16. Qc2 f6 17. e4 e5 18. Bg3 Nb6 19. dxe5 fxe5 20. f4 exf4 21. Bxf4 Qc7 22. Bxd6 Qxd6 23. Ng3 Re8 24. Qf2 {½-½ Theofilus,K (1135)-Reynard,K (1814) Bekasi Scua op 1st 2022 (4)}) ({RR} 9... cxd4 10. exd4 Bd6 11. Re1 Bxe5 12. Bxe5 Nxe5 13. dxe5 Nd7 14. Nf4 Qg5 15. g3 Rd8 16. Qd4 O-O 17. b3 Qf5 18. Rac1 h5 19. h4 Rc8 20. c4 Rfd8 21. Kg2 dxc4 22. Rxc4 Nf8 23. Qe4 Qxe4+ 24. Rexe4 {1-0 Dimitrijevic,D (2059)-Musovic,A (2276) Int ch-Central SRB 2022 (3.11)}) ({RR} 9... Nxe5 10. Bxe5 Bd6 11. Ng3 h5 12. Bxd6 Qxd6 13. Re1 h4 14. Nf1 O-O-O 15. Rc1 Kb8 16. c4 dxc4 17. Rxc4 h3 18. Rxc5 Ne4 19. Re5 hxg2 20. Kxg2 f5 21. Qf3 g5 22. Ng3 Nd2 23. Qe2 Qc6+ 24. d5 {½-½ Vadila,O (2100)-Voros,G (2158) SVK-chT2B 2122 2021 (8.2)}) 10. c3 O-O 11. h3 Rc8 12. a3 b5 13. dxc5 Bxc5 14. Nxc6 Rxc6 15. Bg5 h6 16. Bxf6 Qxf6 17. Nd4 Rb6 18. Rc1 Rd8 19. Qf3 Qg5 20. Qg4 Qf6 21. Qf3 Qe5 22. Qd1 Bd6 23. Nf3 Qh5 24. Nd4 Qg5 25. f4 Qf6 26. Nf3 Bc5 27. Qd3 Qxf4 28. Rce1 Qg3 29. Qe2 e5 30. Qf2 Qxf2+ 31. Rxf2 f6 32. Rd2 Kf7 33. Kf2 Ke6 34. Red1 Rc6 35. Ke2 Bb6 36. Ne1 Rc4 37. Nc2 a5 38. Kf3 f5 39. g3 g5 40. Kg2 h5 41. Rd3 h4 42. R3d2 Re4 43. Re1 hxg3 44. Kxg3 Rh8 45. Rh2 Reh4 46. Reh1 Bxe3 47. Nxe3 f4+ 48. Kf3 fxe3 49. Kxe3 g4 50. Rg2 Rxh3+ 51. Rxh3 Rxh3+ 52. Ke2 g3 53. Kf3 Kf5 54. Rg1 e4+ 55. Kg2 Kg4 56. Rd1 Rh2+ 57. Kg1 e3 58. Rxd5 Rd2 0-1